| 000 | 02224nam a2200337 a 4500 | ||
|---|---|---|---|
| 001 | BRCA_2441 | ||
| 005 | 20190320203818.0 | ||
| 008 | 181108s1798----sp-a---###---#000-0dspa-u | ||
| 041 | _aspa | ||
| 044 | _asp | ||
| 084 |
_a081 _b.S264 _c1798 |
||
| 100 | 1 |
_aCervantes Saavedra, Miguel de _d1547-1616 _9213 |
|
| 245 | 1 | 0 |
_aEl Ingenioso Hidalgo Don Quixote de la Mancha _ccompuesto por Miguel de Cervantes Saavedra. |
| 260 |
_aMadrid _bGabriel de Sancha _c1798 |
||
| 300 |
_a9 v. _bil. _c14 cm. _e1 mapa |
||
| 500 | _aContenido : v 1. Primera parte. Notas al título de la historia. Advertencia sobre las mismas. Texto. -- v 2. Notas. Texto. -- v 3. Notas. Texto. -- v 4. Notas. Texto. -- v 5. Segunda parte. Dedicatoria del autor. Advertencia. Prólogo del autor. Notas. Texto. -- v 6. Notas. Texto. -- v 7. Notas. Texto. -- v 8. Notas. Descripción greográfica de los viajes de D. Quixote. Mapa. Texto. -- v 9. Vida de Miguel de Cervantes por J. A. Pellicer | ||
| 500 | _aEdición : Corregido denuevo, con nuevas notas, con nuevas viñetas, con nuevo análisis, y con la vida del autor nuevamente aumentada por Juan Antonio Pellicer | ||
| 500 | _aSe distingue de la edición anterior por estar dividida en 9 tomos de menor tamaño. Ilustraciones de Paret y Alcántara, están grabadas con maestría por Moreno Tejada y Amettler. Tanto por lo que concierne a la parte literaria, como a la tipografía y papel, es superior a la edición anterior. Lindo ejemplar, bellamente encuadernado y adornado con filetes y florones dorados en las lomeras y cubiertas, los cortes dorados también Lúdovik Osterc | ||
| 500 | _aCon ex-libris de : Francis Beyord Reves | ||
| 500 | _aIncluye índice : De las cosas notables | ||
| 500 | _aQM61 | ||
| 650 | 1 | 4 |
_aNovela española _yÉpoca clásica, 1500-1700 _9215 |
| 650 | 1 | 4 |
_aLiteratura española _yÉpoca clásica, 1500-1700 _9216 |
| 650 | 1 | 4 |
_aNovela española _ySiglo XVII _9217 |
| 650 | 1 | 4 |
_aDon Quijote (Personaje ficticio) _eNovela _9218 |
| 700 | 1 |
_aPellicer y Pilares, Juan Antonio _d1738-1806 _eBiógrafo _97141 |
|
| 700 | 1 |
_aParet y Alcázar, Luis _d1746-1799 _eIlustrador _97142 |
|
| 740 | 0 | _aEl Ingenioso Hidalgo Don Quijote de la Mancha | |
| 902 | _aQFM | ||
| 942 |
_2lcc _cB |
||
| 999 |
_c2182 _d2182 |
||